Modern Technologies of Society Development Collective Scientific Monograph
Uložené v:
| Korporativný autor: | |
|---|---|
| Ďalší autori: | , , , , |
| Médium: | Kniha |
| Jazyk: | English |
| Vydavateľské údaje: |
Opole
Wyższa Szkoła Zarządzania i Administracji w Opolu
2019
|
| Vydanie: | 1st Edition |
| Predmet: | |
| Tagy: |
Žiadne tagy, Buďte prvý, kto otaguje tento záznam!
|
MARC
| LEADER | 00000nam a2200000 4500 | ||
|---|---|---|---|
| 001 | 0259127 | ||
| 005 | 20240221113011.1 | ||
| 020 | |a 978-83-946765-6-8 | ||
| 041 | 0 | |a eng | |
| 044 | |a PL | ||
| 245 | 1 | 0 | |a Modern Technologies of Society Development |b Collective Scientific Monograph |c Edited by: Marian Duczmal, Tetyana Nestorenko ; Reviewers:. Bożena Gajdzik, Yuliia Bilotserkivska, Tetyana Zubro |
| 250 | |a 1st Edition | ||
| 264 | 1 | |a Opole |b Wyższa Szkoła Zarządzania i Administracji w Opolu |c 2019 | |
| 300 | |a [410 s.] | ||
| 610 | 2 | 0 | |a spoločnosť |
| 610 | 2 | 0 | |a ekonómia |
| 610 | 2 | 0 | |a inovácia |
| 610 | 2 | 0 | |a technológie informačné |
| 610 | 2 | 0 | |a rozvoj technický |
| 610 | 2 | 0 | |a problémy spoločenské |
| 610 | 2 | 0 | |a spoločnosť informačná |
| 610 | 2 | 0 | |a technológie nové |
| 610 | 2 | 0 | |a internet |
| 610 | 2 | 0 | |a globalizácia |
| 610 | 2 | 0 | |a trh práce |
| 610 | 2 | 0 | |a benchmarking |
| 610 | 2 | 0 | |a vzdelávanie |
| 700 | 1 | |a Duczmal, Marian | |
| 700 | 1 | |a Nestorenko, Tetyana | |
| 700 | 1 | |a Gajdzik, Bożena | |
| 700 | 1 | |a Bilotserkivska, Yuliia | |
| 700 | 1 | |a Zubro, Tetyana, 1975- | |
| 710 | 2 | |a Wyższa Szkoła Zarządzania i Administracji w Opolu | |